| 000 | 00313 a2200109 4500 | ||
|---|---|---|---|
| 020 | _a8178842653 | ||
| 082 | _a628.3 NOO | ||
| 100 | _aNoor, Maryam | ||
| 245 |
_aComplete Book on Waste Water Treatment/ _cMaryam Noor |
||
| 260 |
_aNew Delhi : _bCyber Tech Publications, _c2007 |
||
| 300 |
_a294p. : _bill. ; _c23 cm |
||
| 650 | _aWaste waterTreatment | ||
| 999 |
_c1711 _d1711 |
||